[Event "Linz"]
[Site "Linz"]
[Date "1997.05.18"]
[Round "2"]
[White "Bacrot, Etienne"]
[Black "Rogers, Ian"]
[Result "1-0"]
[WhiteElo "2500"]
[BlackElo "2600"]
[Annotator "Ribli,Z"]
[PlyCount "75"]
[EventDate "1997.05.17"]
[EventType "tourn"]
[EventRounds "9"]
[EventCountry "AUT"]
[EventCategory "12"]
[SourceTitle "CBM 059"]
[Source "ChessBase"]
[SourceDate "1997.08.01"]
[SourceVersion "1"]
[SourceVersionDate "1997.08.01"]
[SourceQuality "1"]

1. d4 d5 2. c4 e6 3. Nf3 Nf6 4. Nc3 Bb4 5. Bg5 Nbd7 6. e3 c5 7. cxd5 exd5 8.
Qc2 Qa5 9. Bd3 {Der jüngste GM der Welt spielt die Hauptvariante.Ribli.} c4 10.
Bf5 O-O 11. O-O Bxc3 {Das ist eine Hauptidee in der Ragozin-Variante. Schwarz
gibt seinen schwarzfeldrigen Läufer, kontrolliert aber das wichtige Feld e4.
Ribli.} 12. bxc3 (12. Qxc3 Qxc3 13. bxc3 h6 14. Bxf6 Nxf6 15. Bc2 Re8 16. Nd2
b5 17. a4 bxa4 18. Rxa4 Bd7 {1-0 Murugan,K-Lima,D/Novi Sad olm 1990 (45)})
12... Re8 13. Nd2 {Dieser Springerzug bereitet den Zug f3 vor und kontrolliert
den Punkt e4.Ribli.} g6 14. Bxd7 Nxd7 15. Rae1 (15. Rfe1 Nb6 16. f3 Bd7 17.
Rac1 {0-1 Smejkal,J-Blatny,P/CSR-chI Prague 1989 (29)} (17. e4 $2 dxe4 18. Nxe4
Rxe4 19. Qxe4 Qxg5 20. Qxb7 Qd5 $1 $19 {_|_})) (15. f3 Kg7 16. Bf4 Nb6 17. e4
Be6 18. Rae1 Qa4 19. Qb2 Qc6 20. Be5+ f6 21. Bg3 Na4 22. Qa3 b5 {1-0 Panchenko,
A-Gonzalez,L/C. Villalba op 1995 (37)}) 15... Nb6 16. f3 {Es ist interessant,
daß Weiß so stark auf den schwarzen Feldern ist, und Schwarz auf den weißen.
Die Stellung ist Bacrot gut bekannt, denn vor ein paar Monaten spielte er
diese Stellung gegen Anic.Ribli.} Bd7 $5 (16... Be6 17. e4 Qa4 18. Qc1 f5 19.
Rf2 Qd7 20. h4 {1-0 Mohr,S-Beckmann,K/Berlin op 1988 (28)}) 17. h4 {[%cal
Ya5g5] Verteidigt den Läufer und bereitet den Zug l8.e4 vor.Ribli.} (17. Bf4 $5
) 17... Na4 {[%cal Ya4b2,Yb2d3]} (17... Re6 18. e4 Rae8 19. e5 Na4 20. Nb1 Qb6
$13 {[%csl Rb2][%cal Ra4b2,Rb2d3]}) 18. Rc1 $5 {Bacrot spielt einen
natürlichen Zug. Er läßt den Springer auf d2, und postiert den Turm, der auf
d1 keine Funktion hat, zur Verteidigung des Bauern nach c1.Ribli.} (18. Nb1 f5
{[%csl Rb1]} 19. Qf2 Bc6 {[%csl Ye4]}) 18... f6 (18... Re6 19. e4 Rb6 20. exd5
Qxd5 (20... Rb2 $2 21. Nxc4 $18) 21. Ne4 $36 {[%csl Rf6,Rh6]}) 19. Bf4 (19.
Bxf6 $2 Rxe3 $132 {[%csl Rc3]}) 19... Re6 {[%cal Ye6b6,Yb6b2]} 20. e4 {Ein
typischer Durchbruch. Ohne diesen Zug hat Weiß nichts.Ribli.} Rae8 $13 (20...
Rb6 $2 21. Bc7) 21. Rfe1 {Weiß steht stark im Zentrum, aber es droht noch
nichts. Und auch Schwarz hat seine Chancen.Ribli.} Bc6 22. e5 $2 (22. exd5 Bxd5
{[%csl Gd5]}) (22. Re3 $5) 22... fxe5 (22... f5) 23. Bxe5 {[#]} Nc5 $1 $15 {
[%cal Rc5d3] Ein ausgezeichneter Springerzug. Jetzt avanciert der zuvor eher
schlechte Springer zum Stolz der schwarzen Stellung.Ribli.} 24. Re3 (24. dxc5
$2 Rxe5 {[%csl Rc5]} (24... Qxc5+ 25. Bd4 Rxe1+ 26. Rxe1 Rxe1+ 27. Kf2 Qe7 28.
Ne4 dxe4 29. Kxe1 exf3+)) 24... Nd3 {[%csl Gd3]} 25. Rxd3 $8 {Solch einen
Springer kann man nicht dulden. Weiß opfert eine Qualität und bekommt
Gegenspiel. Die schwarzen Türme stehen nicht so aktiv, und der weiße Be5 ist
stark.Ribli.} cxd3 26. Qxd3 {[%csl Ge5]} Qxa2 27. f4 {[%cal Rf4f5] Weiß muß
seine Majorität am Königsflügel nutzen.Ribli.} Bd7 {Schwarz muß sich
verteidigen. Im übrigen stand der Läufer nicht besonders gut auf c6.Ribli.} 28.
h5 (28. f5 $2 Rxe5 29. dxe5 Bxf5) 28... Rb6 {[%cal Yd7f5]} 29. hxg6 Rxg6 $2 (
29... hxg6 $1) 30. Rf1 Bf5 $1 {Sonst kommt Weiß zu f5-f6 usw.Ribli.} 31. Qxf5
Qxd2 {[%csl Rg2]} 32. Qh3 Qe2 33. f5 $36 {Die Stellung ist kompliziert, aber
ich denke, das wahrscheinliche Ergebnis sollte Remis lauten, denn wir haben
jetzt ein dynamisches Gleichgewicht auf dem Brett. Schwarz besitzt
Materialvorteil, aber Weiß hat Aktivität.Ribli.} Rf8 {[%cal Gf8f1]} (33... Rg4
34. f6 Rf8 35. Rf2 Qe1+ 36. Kh2 Qe4 (36... Qxf2 $4 37. Qxg4+ Kf7 38. Qg7+ $18)
37. Rf4 $1 Rxf4 38. Qe6+ Rf7 39. Qc8+ $11) 34. Rf4 $6 {Beide Kontrahenten
spielen in einer Remisstellung auf Gewinn.Ribli.} (34. Rf2 {Mit diesem Zug
könnte Weiß sich einen halben Punkt sichern.Ribli,} Qd1+ 35. Rf1 Qe2 36. Rf2
$11) 34... Rg5 35. f6 h6 $2 {[#]} (35... Qd1+ $1 36. Rf1 (36. Kf2 Kh8 $1 37.
f7+ Rxe5 38. dxe5 Qd2+ 39. Kf3 Qxc3+ 40. Kf2 Qxe5 $19) 36... Qg4 $17) 36. f7+
$18 Kh7 (36... Rxf7 37. Qc8+ Kh7 38. Rxf7+ $18 Kg6 39. Rg7+ Kh5 40. Qh3#) 37.
Bd6 $1 Rh5 (37... Qd1+ 38. Rf1) 38. Qxh5 $1 {Und Schwarz gab auf.Ribli.} (38.
Qxh5 Qxh5 39. Bxf8 Qd1+ 40. Rf1 Qxf1+ 41. Kxf1 Kg6 42. Bc5 $18) 1-0

[Event "EU-chT (Men) 11th"]
[Site "Pula"]
[Date "1997.05.??"]
[Round "4.4"]
[White "Yakovich, Yuri"]
[Black "Kacheishvili, Giorgi"]
[Result "1/2-1/2"]
[WhiteElo "2575"]
[BlackElo "2505"]
[Annotator "Ribli,Z"]
[PlyCount "49"]
[EventDate "1997.05.05"]
[EventType "team-swiss"]
[EventRounds "9"]
[EventCountry "CRO"]
[SourceTitle "CBM 057 Extra"]
[Source "ChessBase"]
[SourceDate "1997.05.01"]
[SourceVersion "1"]
[SourceVersionDate "1997.05.01"]
[SourceQuality "1"]
[WhiteTeam "Russia"]
[BlackTeam "Georgia"]
[WhiteTeamCountry "RUS"]
[BlackTeamCountry "GEO"]

1. d4 Nf6 2. c4 e6 3. Nf3 d5 4. Nc3 Bb4 5. Bg5 h6 6. Bxf6 Qxf6 7. e3 O-O 8. Rc1
c6 9. Bd3 (9. a3 Ba5 (9... Bxc3+ 10. Rxc3 Nd7 11. Qc2) 10. b4) 9... dxc4 10.
Bxc4 {Weiss hat die klar bessere Entwicklung sowie Raumvorteil, aber Schwarz
braucht keine Schwächungen in seiner Stellung zu beklagen. Sein größtes
Problem ist die Entwicklung des Bc8.Ribli.} Nd7 11. O-O (11. Qb3 Bxc3+ 12. Qxc3
b6 13. O-O Bb7 14. Ne5 Nxe5 15. dxe5 Qe7 16. e4 c5 17. Rce1 Rad8 18. f4 Rd4 19.
f5 exf5 20. exf5 {1-0 Farago,I-Inkiov,V/Polanica Zdroj 1981 (42)}) 11... Bxc3 (
11... e5 12. Ne4 (12. d5 Bxc3 13. Rxc3 e4 14. Nd2 Qg6 15. dxc6 bxc6 16. Qc2 Nf6
{1/2-1/2 Belov,L-Rashkovsky,N/Moscow-ch 1984}) 12... Qg6 13. Ng3 exd4 14. exd4
Bd6 15. Bb3 {1-0 Cebalo,M-Vospernik,Z/Bled op 1994 (32)}) 12. Rxc3 e5 {Wir
haben eine ähnliche Stellung wie in der Hauptvariante des Damengambits:1.d4 d5
2.c4 e6 3.Nc3 Nf6 4.Bg5 Be7 5.e3 o-o 6.Nf3 Nfd7 7.Rc1 c6 8.Bd3 dxc4 9.Bxc4 Nd5
10.Bxe7 Qxe7 11.0-0 Nxc3 12.Rxc3 e5 13.Bb3 e5. Die zwei Unterschiede sind,
daßdie schwarze Dame in unserer Partie statt auf e7 auf f6, und der Bauer auf
h6 statt auf h7 steht.Ribli.} 13. Bb3 {Ein profilaktischer Zug. Weiß läßt
Schwarz nicht 13...exd4 14.exd4 Nb6 mit Läuferangriff spielen.Ribli.} e4 {
Das ist ein riskanter Versuch, da Weiß diesen Bauern später mit f2-f3 sprengen
und anschließend auf der f-Linie gefährliche Initiative entwickeln kann.Ribli.}
(13... exd4 14. exd4 {Weiß hat einen Isolani auf d4, aber seine ausgezeichnete
Aktivität kompensiert diesen Nachteil.Ribli.} Qd6 (14... Nb6 15. Ne5 Be6 16.
Rf3 Bxb3 17. Qxb3 Qe6 18. Rxf7 Qxb3 19. Rxf8+ Kxf8 20. axb3 Rd8 21. Rd1 Rd5 {
+/= Hjartarson,J-Inkiov,V/Dubai (ol) 1986}) 15. Re1 Nf6 16. Ne5 Bf5 17. Rf3 (
17. Nxf7 $1 Rxf7 18. Bxf7+ Kxf7 19. Qb3+ Kf8 20. Qxb7 Rb8 21. Qxa7 Rxb2 22.
Rxc6 {Kasparov,G} Rxa2 23. Qb6 $1 Qe7 24. Rxf6+ $1 Qxf6 25. Qb8+ Kf7 26. Qe8#)
17... Bh7 18. Nxf7 Rxf7 19. Bxf7+ Kxf7 20. Qb3+ Kf8 21. Qxb7 Rd8 22. Qxa7 {
Kasparov,G-Benjamin,J/Horgen CS 1994/1/2-1/2 (58)}) 14. Nd2 $14 {[%csl Gb3]}
Qg6 15. f3 {Dieser Zug ist prinzipiell logisch, aber es wäre, denke ich,
besser, ihn mit 15.Bc2 vorzubereiten.Ribli.} (15. Bc2 Nf6 (15... f5 16. f3 $36)
16. f3 Bf5 (16... Nd5 17. Ra3) 17. fxe4 (17. g4 $6) (17. Rc5 $6 exf3 18. Bxf5
$4 Qxg2#) 17... Bxe4 (17... Nxe4 18. Rxf5 Nxc3 (18... Qxf5 19. Nxe4 $16) 19.
bxc3 $16) 18. Nxe4 (18. Rxf6 $4 Qxg2#) 18... Nxe4 19. Rc5 Rae8 20. Rcf5 $14 (
20. Re5 $5 Rxe5 21. dxe5 {[%csl Re4]} Qg5 22. Qd4 $18)) 15... exf3 16. Nxf3 (
16. Qxf3 $5) 16... Qd6 17. Qd3 (17. e4 {Weiß scheint viel aktiver zu stehen,
aber das ist nicht klar, weil Schwarz sich mit dem folgenden Läufertausch
halten kann.Ribli.} Nb6 18. Ne5 (18. e5 Qe7 {Und Weiß bekommt auch seine
Schwächungen zu spüren.Ribli.}) 18... Be6 $13) 17... Nb6 18. Ne5 Be6 {Schwarz
strebt Vereinfachungen an, da er die bessere Bauernstruktur vorweisen kann.
Zudem weist seine Stellung keine Schwächen auf, während Weiß auf Angriff
spielen muß.Ribli.} 19. Bc2 {[%cal Rc2h7]} f5 {[%csl Ge5]} 20. g4 $13 {Nach
diesem Zug wird die Partie sehr kompliziert. Aber Weiss durfte nicht warten.
Ribli.} (20. e4 fxe4 21. Rxf8+ Rxf8 22. Qxe4 Bf5 23. Bb3+ Kh7) (20. Ng6 Rfe8)
20... Nd5 $8 21. gxf5 Nb4 $1 {Das ist das Wesentliche: Schwarz muß gegen den
weißen Läufer spielen. Ohne diesen Läufer ist der ganze Angriff ein
Luftgebäude.Ribli.} (21... Nxc3 $2 22. fxe6 Rxf1+ 23. Kxf1 $18) 22. Qe2 Bxa2 (
22... Nxc2 23. fxe6 Rxf1+ 24. Qxf1 Nxd4 (24... Rf8 25. Qc4 $18) 25. Nc4 $16 (
25. exd4 Qxd4+ 26. Kg2 Qxe5 27. Qf7+ Kh7 28. Qxb7 Rd8 $40) (25. Qf7+ Kh7 (25...
Kh8 26. Ng6+) 26. Qg6+ Kg8 (26... Kh8 $4 27. Nf7+) 27. Qf7+ $11 (27. Nf7 Qxe6
28. Nxh6+ Kf8))) 23. b3 {[%csl Ra2]} a5 $1 {Schwarz möchte mit folgendem 24...
a4 seinen Läufer befreien. Es scheint, als sei ein großer weißer Angriff am
Königsflügel im Werden, aber in Wirklichkeit läßt sich kaum etwas Konkretes
für Weiß entdecken.Ribli.} 24. Be4 (24. Qc4+ Qd5 25. e4 Qxc4 26. bxc4) (24. f6
Rxf6 25. Rxf6 Qxf6 26. Qc4+ Nd5 27. e4 b5) 24... a4 25. bxa4 {Und in dieser
sehr unklaren Stellung einigte man sich auf Remis.Natürlich würde Schwarz mit
25...Rxa4 fortsetzen.Ribli.} 1/2-1/2

[Event "Enghien les Bains 2nd"]
[Site "Enghien les Bains"]
[Date "1997.03.15"]
[Round "2"]
[White "Bacrot, Etienne"]
[Black "Anic, Darko"]
[Result "1-0"]
[WhiteElo "2500"]
[BlackElo "2470"]
[Annotator "Ribli,Z"]
[PlyCount "67"]
[EventDate "1997.03.14"]
[EventType "tourn"]
[EventRounds "9"]
[EventCountry "FRA"]
[EventCategory "10"]
[SourceTitle "CBM 058"]
[Source "ChessBase"]
[SourceDate "1997.06.01"]
[SourceVersion "1"]
[SourceVersionDate "1997.06.01"]
[SourceQuality "1"]

1. d4 {Petursson} Nf6 2. c4 e6 3. Nf3 d5 4. Nc3 Bb4 5. Bg5 Nbd7 6. e3 c5 7.
cxd5 exd5 8. Qc2 {Der junge französische Spieler wählt die Hauptfortsetzung in
der sogenannten Ragozin-Variante.Ribli.} Qa5 9. Bd3 O-O 10. O-O c4 {Diese
Variante hat exzeptionellen Charakter. Schwarz strebt eine geschlossene
Stellung an, später gibt er seinen schwarzfeldrigen Läufer, um auf den weißen
Feldern zu dominieren.Ribli.} 11. Bf5 Re8 12. Nd2 g6 13. Bxd7 Nxd7 14. Rae1 (
14. Rfe1 $5 {Meiner Meinung nach ist dieser Zug auch möglich - und der zweite
Turm hat andere Möglichkeiten.Ribli.}) 14... Bxc3 $6 (14... Nb6 15. f3 {
Es ist logisch, daß Weiß den Durchbruch e3-e4 im Zentrum anvisiert.Ribli.} Bd7
16. Bh4 {Weiß muss wegen der horizontalen Gegendrohungen so spielen.Ribli.} Bf8
$5 (16... Ba4 $6 17. Qc1 Bc6 18. e4 $36 {Garcia Padron,J-Estremer Panos,J/
ESP-chT/1990/}) (16... Bxc3 17. bxc3 Na4 18. Nb1 f5 $5 19. h3 Bc6 20. g4 $13 {
Cramling,P-Lobron,E/Hamburg SKA/1991/}) (16... Na4) 17. e4 Bg7 18. Bf2 Rac8 19.
Ndb1 Re6 20. Re2 $13 {Ikonnikov,V-Jirikovsky,M/Munich op/1996/}) 15. bxc3 (15.
Qxc3 {Das wäre nicht logisch - ohne Damen kann sich Schwarz viel leichter
verteidigen.Ribli.} Qxc3 16. bxc3 f6 $11) 15... Nb6 16. f3 Qa4 $6 (16... Bd7
17. Bh4 (17. e4 $2 dxe4 18. Nxe4 Rxe4 $17 {[%cal Ra5g5]}) 17... Na4 18. Nb1 f5
$13) 17. Qb2 Qc6 18. e4 $14 {Weiß hat Initiative im Zentrum und am
Königsflügel. Schwarz hat ein paar Tempi mit seinem Damenmanöver verloren .
Ribli.} Be6 19. Re3 Na4 $6 {Diese schablonenhafte Strategie kommt verspätet.
Ribli.} (19... f5 20. Rfe1 {[%cal Re4f5,Re3e8]}) 20. Qc1 $1 {[%cal Yc1e1,Ye1h4,
Yh4h6] Die weiße Dame nimmt den Königsflügel ins Visier.Ribli.} b5 21. Qe1 Nb6
22. Qh4 Nd7 23. g4 $40 {Mit seinem Springermanöver Nb6-a4-b6-d7 hat Schwarz zu
viel Zeit verloren, weil Weiss schon eine gefährliche Angriffsstellung verfügt.
Ribli.} b4 24. e5 bxc3 25. Qh6 {[%csl Rg7][%cal Rg5f6]} Kh8 (25... cxd2 26. Bf6
Nxf6 27. exf6 $18 {[%csl Rg7]}) 26. Ne4 $1 {[#] Ein schöner Zug, aber -
aufrichtig gesagt - der eigentliche Grund für diesen Zug war das schwache
schwarze Spiel.Ribli.} f5 $8 {Black is desperate for a very good reason Mit
diesem Zug versucht Schwarz, im Trüben zu fischen.Ribli.} (26... dxe4 $2 27.
fxe4 (27. Bf6+ Nxf6 28. exf6 Rg8 29. fxe4 Bxg4 $19) 27... Bxg4 (27... Rg8 {[#]}
28. Qxh7+ $3 Kxh7 29. Rh3+ Kg7 30. Bh6+ Kh7 (30... Kh8 31. Bf8#) 31. Bf8#) (
27... f6 {Petursson} 28. exf6 Rg8 29. Qxh7+ Kxh7 30. Rh3#) 28. Rxf7 $18) 27.
exf6 Rg8 28. Nxc3 $5 {Weiß spielt eine sichere Fortsetzung.Ribli.} (28. f4 Bxg4
(28... dxe4 $4 29. Qxh7+ Kxh7 30. Rh3#)) 28... Raf8 29. Qh4 (29. Rfe1 $5) 29...
Qb6 30. Rxe6 $1 $18 {Eine elegente Schlußkombination in einer viel besseren
Stellung.Ribli.} Qxe6 31. Re1 Rxf6 {Schwarz opfert die Dame für Turm und
Leichtfigur, aber er bekommt keine Kompensation.Ribli.} (31... Qd6 32. Re7 h5
33. gxh5 Nxf6 34. hxg6+ $18) (31... Qf7 {Petursson} 32. Re7 $18) 32. Rxe6 Rxe6
33. Nxd5 Rb8 34. Bf4 {Und Schwarz gab auf. Der junge Franzoese spielte sehr
schön. Ribli.} 1-0